The cry (Record no. 16887)
[ view plain ]
| 000 -CABECERA | |
|---|---|
| campo de control de longitud fija | 00712caa a22001932a 4500 |
| 001 - NÚMERO DE CONTROL | |
| campo de control | 011107 |
| 003 - IDENTIFICADOR DEL NÚMERO DE CONTROL | |
| campo de control | AR-FADEU |
| 008 - DATOS DE LONGITUD FIJA--INFORMACIÓN GENERAL | |
| campo de control de longitud fija | 311216n########xxu####################dd |
| 092 ## - ASIGNACIÓN LOCAL DE SIGNATURA TOPOGRÁFICA DEWEY (OCLC) | |
| Número de clasificación | 808.831 |
| Número de documento/Ítem | O58 |
| 100 ## - ENTRADA PRINCIPAL--NOMBRE DE PERSONA | |
| Nombre de persona | Montague, John |
| 245 ## - MENCIÓN DE TÍTULO | |
| Título | The cry |
| 300 ## - DESCRIPCIÓN FÍSICA | |
| Extensión | PP. 41-54 |
| 500 ## - NOTA GENERAL | |
| Nota general | En: One true friend and other irish short stories / ed. Roland John. Harlow : Longman, 1977 |
| 546 ## - NOTA DE LENGUA/LENGUAJE | |
| Nota de lengua/lenguaje | Inglés |
| 650 ## - PUNTO DE ACCESO ADICIONAL DE MATERIA--TÉRMINO DE MATERIA | |
| Término de materia o nombre geográfico como elemento inicial | /REVISADO/ |
| 773 0# - ENLACE AL DOCUMENTO FUENTE/ENTRADA DE REGISTRO ANFITRIÓN | |
| Número bibliográfico anfitrión | 16881 |
| Número de ítem anfitrión | 17085 |
| Encabezamiento principal | |
| Edición | |
| Lugar, editor y fecha de publicación | Harlow |
| Otro identificador del documento | 01010 |
| Título | ONE true friend and other irish short stories |
| Número de control del registro | ( AR-FADEU) 011101 |
| Número Internacional Normalizado para Publicaciones Seriadas | |
| Número Internacional Estándar del Libro | 0-582-53685-5 |
| 773 0# - ENLACE AL DOCUMENTO FUENTE/ENTRADA DE REGISTRO ANFITRIÓN | |
| Número bibliográfico anfitrión | 16881 |
| Número de ítem anfitrión | 17086 |
| Encabezamiento principal | |
| Edición | |
| Lugar, editor y fecha de publicación | Harlow |
| Otro identificador del documento | 01011 |
| Título | ONE true friend and other irish short stories |
| Número de control del registro | ( AR-FADEU) 011101 |
| Número Internacional Normalizado para Publicaciones Seriadas | |
| Número Internacional Estándar del Libro | 0-582-53685-5 |
| 942 ## - ELEMENTOS DE PUNTO DE ACCESO ADICIONAL (KOHA) | |
| Tipo de ítem Koha | BDGR |
No items available.